Fundamentals of statical & thermal phy (Record no. 254853)

000 -LEADER
fixed length control field 00218 a2200097 4500
001 - CONTROL NUMBER
control field 19780
090 ## - LOCALLY ASSIGNED LC-TYPE CALL NUMBER (OCLC); LOCAL CALL NUMBER (RLIN)
-- 14405
-- 14405
100 ## - MAIN ENTRY--PERSONAL NAME
Personal name Reif, F
245 ## - TITLE STATEMENT
Title Fundamentals of statical & thermal phy
260 ## - PUBLICATION, DISTRIBUTION, ETC.
Place of publication, distribution, etc.
Name of publisher, distributor, etc. McGraw-Hill
Date of publication, distribution, etc.
942 ## - ADDED ENTRY ELEMENTS (KOHA)
Institution code [OBSOLETE] NUST-CAE
Koha item type
--
Holdings
Withdrawn status Lost status Damaged status Not for loan Collection code Permanent Location Current Location Date acquired Total Checkouts Barcode Date last seen Price effective from Koha item type
          College of Aeronautical Engineering (CAE) College of Aeronautical Engineering (CAE) 04/03/2017   CAE12902 04/05/2017 04/05/2017 Book
© 2023 Central Library, National University of Sciences and Technology. All Rights Reserved.